[Event "Quebec op U1600"]
[Site "Montreal"]
[Date "1988.07.28"]
[Round "5"]
[White "Magy, Ghobrial"]
[Black "Charest, Johanne"]
[Result "1-0"]
[WhiteElo "1560"]
[BlackElo "1388"]
[PlyCount "158"]
[EventDate "1988.07.24"]
[EventType "swiss"]
[EventRounds "8"]
[EventCountry "CAN"]
[SourceTitle "EXT 2022"]
[Source "ChessBase"]
[SourceDate "2021.10.06"]
[SourceVersion "1"]
[SourceVersionDate "2021.10.06"]
[SourceQuality "1"]

1. e4 e5 2. Bc4 Nf6 3. Nc3 Nc6 4. Nf3 Bc5 5. 0-0 d6 6. h3 h6 7. a3 0-0 8. d3 Re8 9. Be3 Nd4 10. Bxd4 Bxd4 11. Nxd4 exd4 12. Ne2 c5 13. Ng3 b6 14. f4 d5 15. exd5 Nxd5 16. Qh5 Be6 17. Bb5 Rf8 18. f5 Bd7 19. Bxd7 Qxd7 20. Ne4 Kh7 21. g4 Qe8 22. Rae1 Ne3 23. Rf2 f6 24. Qh4 Kh8 25. Qg3 Qb8 26. Qh4 Qe8 27. Ng3 Nxf5 28. Rxe8 Nxh4 29. Re7 Ng6 30. Rc7 Rfc8 31. Rf7 Ne5 32. Rb7 Rf8 33. Nh5 Rf7 34. Rxf7 Nxf7 35. h4 Re8 36. Nf4 Re1+ 37. Kg2 Re8 38. Ng6+ Kh7 39. Nf4 Re3 40. Nh3 Ne5 41. g5 Ng4 42. Rd2 Re5 43. gxf6 Nxf6 44. Nf2 Nd5 45. Ne4 Ne3+ 46. Kh3 Rf5 47. Re2 Rf3+ 48. Kh2 Ng4+ 49. Kg2 Re3 50. Rd2 Ne5 51. Rf2 Kg8 52. Nd6 Ng6 53. h5 Nh4+ 54. Kh2 Rf3 55. Re2 Re3 56. Rf2 Nf3+ 57. Kg3 Ng5+ 58. Kg4 Re6 59. Nb5 a5 60. Nc7 Rc6 61. Nd5 Re6 62. Nc7 Re7 63. Nd5 Re6 64. Nc7 Re5 65. Na8 b5 66. Nc7 b4 67. a4 Ne6 68. Nb5 Nd8 69. Nd6 Re6 70. Ne4 Re5 71. b3 Nf7 72. Rf5 Kf8 73. Rxe5 Nxe5+ 74. Kf5 Nd7 75. Ke6 Nf6 76. Nxf6 gxf6 77. Kxf6 Kg8 78. Kg6 Kh8 79. Kxh6 Kg8 1-0